000 00902nam a2200265Ia 4500
003 OSt
005 20220923211033.0
006 a|||||r|||| 00| 0
007 ta
008 Pun
020 _a8171429971
_c150
024 _a260,694
037 _b532, 02/12/2011, H.K. Prakashan
_cTextual
040 _aARTS
_cARTS
_bPun
041 _2Pun
_aPun
082 _aO153,1N531:g, P9
100 _aਸਿੰਘ, ਜਸਵਿੰਦਰ
_9157417
245 0 _aਗੁਰਭਜਨ ਗਿੱਲ ਦੀ ਕਾਵਿ ਸੰਵੇਦਨਾ
260 _aਚੰਡਿਗੜ
_b ਲੋਕਗੀਤ ਪ੍ਰਕਾFਨ
_c2009
300 _a96ਪੰ
_ccm.
650 _a ਪੰਜਾਬੀ ਕਾਵਿ
_9156368
650 _aਪੰਜਾਬੀ ਸਾਹਿਤ
942 _hO153,1N531:g, P9
_cTEXL
_2CC
999 _c294308
_d294308